All India Muslim League Vol I: Encyclopaedia of Political Parties Series (Record no. 21193)
[ view plain ]
| 000 -LEADER | |
|---|---|
| fixed length control field | 00363nam a22001337a 4500 |
| 020 ## - INTERNATIONAL STANDARD BOOK NUMBER | |
| ISBN | 8174884610 |
| 082 ## - DEWEY DECIMAL CLASSIFICATION NUMBER | |
| Classification number | 324.2054082 RAL |
| 100 ## - MAIN ENTRY--AUTHOR NAME | |
| Author name | Ralhan, O.P. |
| 245 ## - TITLE STATEMENT | |
| Title | All India Muslim League Vol I: Encyclopaedia of Political Parties Series |
| 260 ## - PUBLICATION, DISTRIBUTION, ETC. (IMPRINT) | |
| Place of publication | New Delhi |
| Name of publisher | Anmol Publications Pvt. Ltd. |
| Year of publication | 1997 |
| 300 ## - PHYSICAL DESCRIPTION | |
| Number of Pages | 507 |
| 650 ## - SUBJECT ADDED ENTRY--TOPICAL TERM | |
| Topical Term | Muslim League |
| 942 ## - ADDED ENTRY ELEMENTS (KOHA) | |
| Koha item type | Books |
| Home library | Current library | Shelving location | Date acquired | Cost, normal purchase price | Full call number | Accession Number | Koha item type |
|---|---|---|---|---|---|---|---|
| Henry Martyn Institute Library | Henry Martyn Institute Library | General stacks | 04/01/1998 | 1600.00 | 324.2054082 RAL | 018000 | Books |
